000 00507nam a2200205Ia 4500
003 OSt
005 20220928133323.0
006 a|||||r|||| 00| 0
007 ta
008 220927b |||||||| |||| 00| 0 eng d
024 _a38904
037 _cTextual
040 _aSDCL
_cSDCL
_beng
041 _2eng
_aeng
082 _aV2:8p2,N75, L7
245 0 _aINDIAN HISTORICAL records commission
260 _aLucknow
_c1977
942 _hV2:8p2,N75, L7
_cTEXL
_2CC
999 _c799229
_d799229